Twilight characters Quiz Stats

 Plays Quiz not verified by Sporcle

Challenge
Share
Tweet
Embed
Score 0/106 Timer 10:00
0 Plays Today
Hint Name % Correct
Olympic CovenEdward
90.5%
Olympic CovenBella
90.4%
Olympic CovenAlice
87.6%
Olympic CovenJasper
87.5%
Olympic CovenEsme
86.5%
Olympic CovenEmmett
85.6%
QuileuteJacob
84.7%
Olympic CovenCarlisle
84.2%
Olympic CovenRosalie
84.1%
Volturi CovenAro
82%
Olympic CovenRenesmee
80.7%
QuileuteSam
79%
Volturi GuardJane
78.3%
American NomadsVictoria
77.5%
HumanCharlie
76.9%
American NomadsJames
76.2%
QuileuteSeth
75.8%
QuileuteLeah
75%
HumanLauren
73.8%
HumanJessica
73.1%
Denali CovenKate
71.7%
Volturi CovenCaius
71.6%
Volturi GuardAlec
71.3%
QuileuteBilly
71.3%
Volturi CovenMarcus
71.1%
HumanMike
70.4%
Denali CovenIrina
70.3%
Denali CovenTanya
70.2%
HumanBen
70.1%
QuileutePaul
69.8%
QuileuteQuil
68.4%
HumanRenee
68.3%
QuileuteEmbry
67.4%
Amazon CovenZafrina
66.9%
Denali CovenLaurent
66.4%
Volturi GuardFelix
66.1%
Hint Name % Correct
NewbornsRiley
63.3%
NewbornsBree
63.3%
Denali CovenCarmen
63.2%
QuileuteHarry
62.3%
Egyptian CovenBenjamin
62%
Volturi GuardDemetri
61.7%
HumanAngela
61.6%
American NomadsGarrett
61.5%
QuileuteSue
61.5%
American NomadsPeter
61.1%
QuileuteEmily
60.9%
HumanEric
60%
Amazon CovenSenna
59.9%
Denali CovenEleazar
59.8%
Irish CovenMaggie
59.2%
American NomadsCharlotte
58.5%
QuileuteJared
58.3%
Egyptian CovenAmun
56%
Egyptian CovenTia
56%
Romanian CovenVladimir
53.3%
HumanPhil
52.8%
Romanian CovenStefan
52.7%
Irish CovenSiobhan
52.6%
Egyptian CovenKebi
52.1%
Irish CovenLiam
51.8%
HumanTyler
51.7%
European NomadsAlistair
51.3%
Volturi GuardHeidi
51.2%
Amazon CovenKachiri
50.1%
Denali CovenSasha
50%
American NomadsMary
48.8%
Volturi GuardChelsea
47%
New Mexico - PastMaria
46.7%
QuileuteCollin
46.6%
Volturi CovenDidyme
46.1%
QuileuteRachel
45.3%
Hint Name % Correct
Volturi CovenSulpicia
45.2%
QuileuteClaire
44.6%
HybridNahuel
44.5%
American NomadsRandall
43.6%
QuileuteBrady
43.6%
Volturi CovenAthenodora
43.4%
Denali CovenVasilii
43.3%
European NomadsCharles
43.3%
Volturi GuardSantiago
42.6%
Volturi GuardRenata
42.4%
QuileuteRebecca
42.1%
European NomadsMakenna
42%
Volturi GuardAfton
41.1%
Volturi GuardCorin
39.2%
New Mexico - PastLucy
38.9%
New Mexico - PastNettie
38.3%
QuileuteKim
37.5%
Hybrid AuntieHuilen
36.1%
Hybrid MotherPire
34.4%
Hybrid FatherJoham
32.5%
NewbornsFred
30.6%
QuileuteTaha aki
30.3%
QuileuteThe Third Wife
28.5%
New Mexico - PastBenito
26.9%
QuileuteYut
25.4%
QuileuteTaha wi
22.6%
QuileuteUtlapa
22.6%
HumanKaren
21%
HumanMr Varner
20.9%
HumanMs Cope
20.1%
QuileuteYaha uta
19%
QuileuteOld Quil Ateara
19%
QuileuteKaheleha
18.5%
QuileuteEmphriam
15.1%

You're not logged in!

Compare scores with friends on all Sporcle quizzes.
Join for Free
OR
Log In

You Might Also Like...

Show Comments

Extras

Created Nov 13, 2010ReportNominate
Tags:alive, character, death, Twilight

Top Quizzes Today


Score Distribution

Your Account Isn't Verified!

In order to create a playlist on Sporcle, you need to verify the email address you used during registration. Go to your Sporcle Settings to finish the process.

Report this User

Report this user for behavior that violates our Community Guidelines.

Details: